00845nam a22002417a 450000500170000001000130001702000210003003500130005103700160006404000120008008200110009224500970010324600060020026000430020627000420024930000250029165000340031665000280035070000260037894200200040499900190042495201600044320170124110252.0 aB-030296 c45.00a812372456 aB-030296 bCen Lib/Ret aDPLbEN aSbNOT aNot just milk and honey : cedited by Haya Hoffman ban anthrology of Hebrew short stories / b  aNew Delhi bNational Book Trust c2000 bNew Delhi aA-5, Green park e110016 axvi, 226p.c21cm(Hb) aLiterature -- Fiction 999799 aEnglish stories 926733 aHoffman, Haya 999800 2ddccENhSmNOT c135947d135947 04104070aLbLd2015-10-12eCen Lib/Retg45.00l0oS NOTpB-030296r2015-10-12 00:00:00t1v45.00w2015-10-12yENzW/d List No. 6860/22 ; dtd 05/08/2020